| 000 | 00556nam a22002057a 4500 | ||
|---|---|---|---|
| 001 | 26187 | ||
| 003 | BD-RjUL | ||
| 005 | 20211209051001.0 | ||
| 008 | 140320b1968 p ||||| |||| 00| 0 eng d | ||
| 035 | _a(BD-RjUL)26257 | ||
| 040 |
_aBD-RjUL _beng _cBD-RjUL |
||
| 041 | _aeng | ||
| 082 |
_a025.3 _bSIP 1968 |
||
| 100 |
_aSiddique, akhtar h. _980481 |
||
| 245 |
_aPractical cataloguing : _bDictionary and Classified / _cAkhtar h. Siddique |
||
| 260 |
_akarachi : _c1968. |
||
| 300 |
_a75 p. ; _c38 cm. |
||
| 650 |
_aLibrary science _980482 |
||
| 942 |
_2ddc _cBK |
||
| 999 |
_c26187 _d26187 |
||